| 000 | 00612nam a22001697a 4500 | ||
|---|---|---|---|
| 003 | NUST | ||
| 038 | _aNusrat Nadeem | ||
| 082 | _a200 | ||
| 100 |
_aWaseem, Zenab _9120456 |
||
| 245 |
_aORGANIZATIONAL IMPROVATION AND FIRM PERFORMANCE: THE ROLE OF BUSINESS MODEL INNOVATION, INNOVATION CLIMATE AND INTELLECTUAL CAPITAL/ _cWaseem, Zenab |
||
| 264 |
_aIslamabad, _bNBS NUST, _c2023. |
||
| 300 |
_aill: _b108,p: _c30,cm. |
||
| 650 |
_aMS-Management and Human Resource _9122991 |
||
| 700 |
_aSupervisor: Dr. Ayesha Abrar _9120210 |
||
| 856 | _uhttp://10.250.8.41:8080/xmlui/handle/123456789/38270 | ||
| 942 |
_2ddc _cSC |
||
| 999 |
_c607738 _d607738 |
||